Annapurna (Record no. 994131)

MARC details
000 -LEADER
fixed length control field 00656nam a2200229Ia 4500
003 - CONTROL NUMBER IDENTIFIER
control field OSt
005 - DATE AND TIME OF LATEST TRANSACTION
control field 20221005085356.0
008 - FIXED-LENGTH DATA ELEMENTS--GENERAL INFORMATION
fixed length control field 221004b |||||||| |||| 00| 0 eng d
037 ## - SOURCE OF ACQUISITION
Terms of availability Textual
040 ## - CATALOGING SOURCE
Original cataloging agency CRL
Transcribing agency CRL
Language of cataloging eng
041 ## - LANGUAGE CODE
Source of code eng
Language code of text/sound track or separate title eng
100 ## - MAIN ENTRY--PERSONAL NAME
Personal name Herzog Maurice
245 #0 - TITLE STATEMENT
Title Annapurna
Remainder of title First conquest of an 8000-meter peak
260 ## - PUBLICATION, DISTRIBUTION, ETC.
Place of publication, distribution, etc. New York
Name of publisher, distributor, etc. E.P. Dutton & Co U.S.A
Date of publication, distribution, etc. 1953
300 ## - PHYSICAL DESCRIPTION
Extent 316p.
Dimensions cm.
942 ## - ADDED ENTRY ELEMENTS (KOHA)
Classification part U8:2MA:N5, J3
Koha item type Textual
Source of classification or shelving scheme
Holdings
Withdrawn status Lost status Damaged status Not for loan Home library Current library Date acquired Source of acquisition Total Checkouts Full call number Barcode Date last seen Price effective from Koha item type
        Central Library Central Library 2022-10-05 Gift, 06/10/2012,   U8:2MA:N5 J3 CL1514712 2022-10-05 2022-10-05 Textual
Copyright @ Delhi University Library System